<?xml version="1.0" encoding="UTF-8"?>
<marc:record xmlns:marc="http://www.loc.gov/MARC21/slim" type="Bibliographic">
   <marc:leader>00000pam a2200000 c 4500</marc:leader>
   <marc:controlfield tag="001">94275882X</marc:controlfield>
   <marc:controlfield tag="003">DE-101</marc:controlfield>
   <marc:controlfield tag="005">20171202205512.0</marc:controlfield>
   <marc:controlfield tag="007">tu</marc:controlfield>
   <marc:controlfield tag="008">941111s1995    gw ||||| |||| 00||||ger  </marc:controlfield>
   <marc:datafield ind1=" " ind2=" " tag="015">
      <marc:subfield code="a">95,A20,0094</marc:subfield>
      <marc:subfield code="z">95,N03,0102</marc:subfield>
      <marc:subfield code="2">dnb</marc:subfield>
   </marc:datafield>
   <marc:datafield ind1="7" ind2=" " tag="016">
      <marc:subfield code="2">DE-101</marc:subfield>
      <marc:subfield code="a">94275882X</marc:subfield>
   </marc:datafield>
   <marc:datafield ind1=" " ind2=" " tag="020">
      <marc:subfield code="a">3813802175 (Erd)</marc:subfield>
      <marc:subfield code="c"> kart. : DM 24.80, sfr 24.80, S 194.00</marc:subfield>
      <marc:subfield code="9">3-8138-0217-5</marc:subfield>
   </marc:datafield>
   <marc:datafield ind1=" " ind2=" " tag="020">
      <marc:subfield code="a">3813803392 (Erd)</marc:subfield>
      <marc:subfield code="c"> kart. : DM 24.80, sfr 24.80, S 194.00</marc:subfield>
      <marc:subfield code="9">3-8138-0339-2</marc:subfield>
   </marc:datafield>
   <marc:datafield ind1=" " ind2=" " tag="020">
      <marc:subfield code="a">9783942339445 (Regia Verl.-Haus)</marc:subfield>
      <marc:subfield code="c"> kart. : EUR 12.90</marc:subfield>
      <marc:subfield code="9">978-3-942339-44-5</marc:subfield>
   </marc:datafield>
   <marc:datafield ind1=" " ind2=" " tag="035">
      <marc:subfield code="a">(DE-599)DNB94275882X</marc:subfield>
   </marc:datafield>
   <marc:datafield ind1=" " ind2=" " tag="035">
      <marc:subfield code="a">(OCoLC)75504709</marc:subfield>
   </marc:datafield>
   <marc:datafield ind1=" " ind2=" " tag="040">
      <marc:subfield code="a">1240</marc:subfield>
      <marc:subfield code="b">ger</marc:subfield>
      <marc:subfield code="c">DE-101</marc:subfield>
      <marc:subfield code="d">9999</marc:subfield>
   </marc:datafield>
   <marc:datafield ind1=" " ind2=" " tag="041">
      <marc:subfield code="a">ger</marc:subfield>
   </marc:datafield>
   <marc:datafield ind1=" " ind2=" " tag="044">
      <marc:subfield code="c">XA-DE</marc:subfield>
   </marc:datafield>
   <marc:datafield ind1=" " ind2=" " tag="084">
      <marc:subfield code="a">09</marc:subfield>
      <marc:subfield code="a">25</marc:subfield>
      <marc:subfield code="a">33</marc:subfield>
      <marc:subfield code="a">13</marc:subfield>
      <marc:subfield code="a">130</marc:subfield>
      <marc:subfield code="q">DE-101</marc:subfield>
      <marc:subfield code="2">sdnb</marc:subfield>
   </marc:datafield>
   <marc:datafield ind1=" " ind2=" " tag="084">
      <marc:subfield code="a">5.7</marc:subfield>
      <marc:subfield code="a">3.1</marc:subfield>
      <marc:subfield code="a">17.2</marc:subfield>
      <marc:subfield code="a">27.19</marc:subfield>
      <marc:subfield code="q">DE-101</marc:subfield>
      <marc:subfield code="2">sswd</marc:subfield>
   </marc:datafield>
   <marc:datafield ind1="1" ind2=" " tag="100">
      <marc:subfield code="0">(DE-588)1048438619</marc:subfield>
      <marc:subfield code="0">http://d-nb.info/gnd/1048438619</marc:subfield>
      <marc:subfield code="0">(DE-101)1048438619</marc:subfield>
      <marc:subfield code="a">Gallegos, Eligio Stephen</marc:subfield>
      <marc:subfield code="d">1934-</marc:subfield>
      <marc:subfield code="e">Verfasser</marc:subfield>
      <marc:subfield code="4">aut</marc:subfield>
   </marc:datafield>
   <marc:datafield ind1="0" ind2="0" tag="245">
      <marc:subfield code="a">Indianisches Chakra-Heilen</marc:subfield>
      <marc:subfield code="c">Eligio Stephen Gallegos. [Aus dem Amerikan. übertr. von Antoinette Gittinger]</marc:subfield>
   </marc:datafield>
   <marc:datafield ind1=" " ind2=" " tag="250">
      <marc:subfield code="a">2. Aufl.</marc:subfield>
   </marc:datafield>
   <marc:datafield ind1=" " ind2=" " tag="259">
      <marc:subfield code="a">12</marc:subfield>
   </marc:datafield>
   <marc:datafield ind1=" " ind2="1" tag="264">
      <marc:subfield code="a">München</marc:subfield>
      <marc:subfield code="b">Erd</marc:subfield>
      <marc:subfield code="c">[1995]</marc:subfield>
   </marc:datafield>
   <marc:datafield ind1=" " ind2=" " tag="300">
      <marc:subfield code="a">179 S.</marc:subfield>
      <marc:subfield code="c">21 cm</marc:subfield>
   </marc:datafield>
   <marc:datafield ind1=" " ind2=" " tag="336">
      <marc:subfield code="a">Text</marc:subfield>
      <marc:subfield code="b">txt</marc:subfield>
      <marc:subfield code="2">rdacontent</marc:subfield>
   </marc:datafield>
   <marc:datafield ind1=" " ind2=" " tag="337">
      <marc:subfield code="a">ohne Hilfsmittel zu benutzen</marc:subfield>
      <marc:subfield code="b">n</marc:subfield>
      <marc:subfield code="2">rdamedia</marc:subfield>
   </marc:datafield>
   <marc:datafield ind1=" " ind2=" " tag="338">
      <marc:subfield code="a">Band</marc:subfield>
      <marc:subfield code="b">nc</marc:subfield>
      <marc:subfield code="2">rdacarrier</marc:subfield>
   </marc:datafield>
   <marc:datafield ind1=" " ind2="7" tag="650">
      <marc:subfield code="0">(DE-588)4009303-7</marc:subfield>
      <marc:subfield code="0">http://d-nb.info/gnd/4009303-7</marc:subfield>
      <marc:subfield code="0">(DE-101)040093034</marc:subfield>
      <marc:subfield code="a">Chakra</marc:subfield>
      <marc:subfield code="2">gnd</marc:subfield>
   </marc:datafield>
   <marc:datafield ind1=" " ind2="7" tag="650">
      <marc:subfield code="0">(DE-588)4052062-6</marc:subfield>
      <marc:subfield code="0">http://d-nb.info/gnd/4052062-6</marc:subfield>
      <marc:subfield code="0">(DE-101)040520625</marc:subfield>
      <marc:subfield code="a">Schamanismus</marc:subfield>
      <marc:subfield code="2">gnd</marc:subfield>
   </marc:datafield>
   <marc:datafield ind1=" " ind2="7" tag="650">
      <marc:subfield code="0">(DE-588)4113690-1</marc:subfield>
      <marc:subfield code="0">http://d-nb.info/gnd/4113690-1</marc:subfield>
      <marc:subfield code="0">(DE-101)04113690X</marc:subfield>
      <marc:subfield code="a">Geistheilung</marc:subfield>
      <marc:subfield code="2">gnd</marc:subfield>
   </marc:datafield>
   <marc:datafield ind1="0" ind2="0" tag="689">
      <marc:subfield code="0">(DE-588)4009303-7</marc:subfield>
      <marc:subfield code="0">http://d-nb.info/gnd/4009303-7</marc:subfield>
      <marc:subfield code="0">(DE-101)040093034</marc:subfield>
      <marc:subfield code="D">s</marc:subfield>
      <marc:subfield code="a">Chakra</marc:subfield>
   </marc:datafield>
   <marc:datafield ind1="0" ind2="1" tag="689">
      <marc:subfield code="0">(DE-588)4052062-6</marc:subfield>
      <marc:subfield code="0">http://d-nb.info/gnd/4052062-6</marc:subfield>
      <marc:subfield code="0">(DE-101)040520625</marc:subfield>
      <marc:subfield code="D">s</marc:subfield>
      <marc:subfield code="a">Schamanismus</marc:subfield>
   </marc:datafield>
   <marc:datafield ind1="0" ind2="2" tag="689">
      <marc:subfield code="0">(DE-588)4113690-1</marc:subfield>
      <marc:subfield code="0">http://d-nb.info/gnd/4113690-1</marc:subfield>
      <marc:subfield code="0">(DE-101)04113690X</marc:subfield>
      <marc:subfield code="D">s</marc:subfield>
      <marc:subfield code="a">Geistheilung</marc:subfield>
   </marc:datafield>
   <marc:datafield ind1="0" ind2=" " tag="689">
      <marc:subfield code="5">DE-101</marc:subfield>
      <marc:subfield code="5">DE-101</marc:subfield>
   </marc:datafield>
   <marc:datafield ind1="1" ind2="2" tag="700">
      <marc:subfield code="a">Gallegos, Eligio Stephen</marc:subfield>
      <marc:subfield code="d">1934-</marc:subfield>
      <marc:subfield code="t">&#x98;The&#x9c; personal totem pole</marc:subfield>
      <marc:subfield code="g">dt.</marc:subfield>
   </marc:datafield>
   <marc:datafield ind1=" " ind2=" " tag="850">
      <marc:subfield code="a">DE-101a</marc:subfield>
      <marc:subfield code="a">DE-101b</marc:subfield>
   </marc:datafield>
   <marc:datafield ind1="r" ind2=" " tag="925">
      <marc:subfield code="a">ra</marc:subfield>
   </marc:datafield>
</marc:record>
